Introduction to microprocessor / (Record no. 23646)

MARC details
000 -LEADER
fixed length control field 00669nam a22002175a 4500
008 - FIXED-LENGTH DATA ELEMENTS--GENERAL INFORMATION
fixed length control field 161219s2015 ii ||||fr|||| 001 0 eng d
020 ## - INTERNATIONAL STANDARD BOOK NUMBER
International Standard Book Number 9350998351
020 ## - INTERNATIONAL STANDARD BOOK NUMBER
International Standard Book Number 9789350998359
040 ## - CATALOGING SOURCE
Original cataloging agency EG-ScBUE
Language of cataloging eng
Transcribing agency EG-ScBUE
082 04 - DEWEY DECIMAL CLASSIFICATION NUMBER
Edition number 22
Classification number 001.6404
Item number GOD
100 1# - MAIN ENTRY--PERSONAL NAME
9 (RLIN) 38238
Personal name Godse, Atul P.
245 ## - TITLE STATEMENT
Title Introduction to microprocessor /
Statement of responsibility, etc Atul P. Godse.
260 ## - PUBLICATION, DISTRIBUTION, ETC. (IMPRINT)
Place of publication, distribution, etc Pune, India :
Name of publisher, distributor, etc Technical publications,
Date of publication, distribution, etc 2015.
300 ## - PHYSICAL DESCRIPTION
Extent 1 v. (various pagings) :
Other physical details ill. ;
Dimensions 22 cm.
590 ## - LOCAL NOTE (RLIN)
Local note Wessam
650 #7 - SUBJECT ADDED ENTRY--TOPICAL TERM
Source of heading or term BUEsh
9 (RLIN) 33496
Topical term or geographic name as entry element Microprocessors.
651 ## - SUBJECT ADDED ENTRY--GEOGRAPHIC NAME
Source of heading or term BUEsh
653 ## - INDEX TERM--UNCONTROLLED
Resource For college Informatics and Computer Science
Arrived date list December2016
700 1# - ADDED ENTRY--PERSONAL NAME
9 (RLIN) 13277
Personal name Godse, Deepali A.
942 ## - ADDED ENTRY ELEMENTS (KOHA)
Source of classification or shelving scheme Dewey Decimal Classification
Edition 22
Call number prefix 001.6404 GOD
Holdings
Withdrawn status Item status Source of classification or shelving scheme Damaged status Not for loan Vendor Home library Current library Shelving location Date acquired Source of acquisition Cost, normal purchase price Serial Enumeration / chronology Total Checkouts Full call number Barcode Date last seen Cost, replacement price Koha item type
    Dewey Decimal Classification     Alahram Central Library Central Library Lower Floor 19/12/2016 Purchase 116.00 118   001.6404 GOD 000045260 15/07/2025 145.00 Book - Borrowing